| 000 | 00526 a2200169 4500 | ||
|---|---|---|---|
| 020 | _a8183560741 | ||
| 020 | _a9788183560740 | ||
| 082 | _a530 | ||
| 090 |
_c661 _d661 |
||
| 100 | 1 | _aYadav, Poonam. | |
| 245 | 1 | 0 |
_aEngineering physics / _cPoonam Yadav. |
| 260 |
_a[S.l.] : _bDiscovery Publishing House, _c2006 |
||
| 300 | _a1 v. (unpaged) | ||
| 700 | _aYadav, Poonam. | ||
| 942 |
_aSNS _cBK _k530 YAD |
||
| 999 |
_c64150 _d64150 |
||